Le montage : Technique et esthétique : fiction, documentaire, série, nouvelles écritures (notice n° 2174958)
[ vue normale ]
| 000 -LEADER | |
|---|---|
| fixed length control field | 01299cam a2200133 4500500 |
| 005 - DATE AND TIME OF LATEST TRANSACTION | |
| control field | 20260405051041.0 |
| 041 ## - LANGUAGE CODE | |
| Language code of text/sound track or separate title | fre |
| 042 ## - AUTHENTICATION CODE | |
| Authentication code | dc |
| 100 10 - MAIN ENTRY--PERSONAL NAME | |
| Personal name | Jay, Emmanuelle |
| Relator term | author |
| 245 00 - TITLE STATEMENT | |
| Title | Le montage : Technique et esthétique : fiction, documentaire, série, nouvelles écritures |
| 260 ## - PUBLICATION, DISTRIBUTION, ETC. | |
| Name of publisher, distributor, etc. | Armand Colin,<br/> |
| Date of publication, distribution, etc. | 2020.<br/> |
| 520 ## - SUMMARY, ETC. | |
| Summary, etc. | Le montage est la dernière écriture d’un film. Bien qu’assez méconnu, il est donc une étape essentielle de la création audiovisuelle et cinématographique. Ce livre complet et didactique s’adresse à celles et ceux qui souhaitent en découvrir toutes les dimensions. Après avoir présenté la place que le montage occupe au sein de la production d’un film, cet ouvrage expose les fondamentaux, de la séquence au raccord. Il définit ensuite les notions de base de ses différentes étapes, de l’organisation des rushes au visionnage. Y sont également détaillées et illustrées les grandes figures de style, ainsi que les aspects techniques et esthétiques essentiels : rythme, enjeux de narration, spécificités de la fiction, du documentaire, de la série et des nouvelles écritures (films interactifs, réalité virtuelle, etc.). |
| 856 41 - ELECTRONIC LOCATION AND ACCESS | |
| Uniform Resource Identifier | <a href="https://shs.cairn.info/le-montage--9782200627218?lang=fr&redirect-ssocas=7080">https://shs.cairn.info/le-montage--9782200627218?lang=fr&redirect-ssocas=7080</a> |
Pas d'exemplaire disponible.




Réseaux sociaux